[Event "JOR-ch sf"]
[Site "Amman"]
[Date "2009.03.27"]
[Round "3"]
[White "Al Haisamwi, Sameer"]
[Black "Nimer, Mohammad"]
[Result "1-0"]
[WhiteElo "2165"]
[BlackElo "1871"]
[PlyCount "67"]
[EventDate "2009.03.26"]
[EventType "swiss"]
[EventRounds "9"]
[EventCountry "JOR"]
[SourceTitle "EXT 2022"]
[Source "ChessBase"]
[SourceDate "2021.10.06"]
[SourceVersion "1"]
[SourceVersionDate "2021.10.06"]
[SourceQuality "1"]

1. d4 f5 2. c4 Nf6 3. Nc3 g6 4. g3 d6 5. Bg2 Bg7 6. Nf3 0-0 7. 0-0 Nc6 8. d5 Nb8 9. Nd4 Ng4 10. e4 Ne5 11. exf5 gxf5 12. b3 c5 13. Nde2 Ng6 14. Bd2 Nd7 15. Qc2 Nf6 16. Rae1 h5 17. Bg5 Ne5 18. Nf4 Qe8 19. Nb5 Qf7 20. Nc7 Rb8 21. Nce6 Re8 22. Qxf5 Nh7 23. Qxf7+ Kxf7 24. Bh4 Bf6 25. Nxh5 Bxh4 26. gxh4 Rg8 27. Kh1 Rg4 28. Re4 Bxe6 29. dxe6+ Kg6 30. Nf4+ Kf5 31. f3 Rxh4 32. Bh3+ Ng4 33. Rfe1 Rh6 34. fxg4+ 1-0

[Event "JOR-ch sf"]
[Site "Amman"]
[Date "2009.03.26"]
[Round "1"]
[White "Al Haisamwi, Sameer"]
[Black "Almograbi, Fuad"]
[Result "0-1"]
[WhiteElo "2165"]
[BlackElo "1896"]
[PlyCount "64"]
[EventDate "2009.03.26"]
[EventType "swiss"]
[EventRounds "9"]
[EventCountry "JOR"]
[SourceTitle "EXT 2022"]
[Source "ChessBase"]
[SourceDate "2021.10.06"]
[SourceVersion "1"]
[SourceVersionDate "2021.10.06"]
[SourceQuality "1"]

1. d4 d5 2. Nf3 Nf6 3. c4 c6 4. Nc3 Bf5 5. e3 e6 6. Bd3 Bg4 7. h3 Bh5 8. Qb3 Qb6 9. Ne5 Qxb3 10. axb3 Nbd7 11. f4 Be7 12. cxd5 exd5 13. g4 Bg6 14. f5 Nxe5 15. dxe5 Nd7 16. fxg6 fxg6 17. 0-0 Nxe5 18. Be2 a6 19. Bd2 0-0-0 20. Nd1 Bf6 21. Bc3 Rde8 22. b4 h5 23. gxh5 gxh5 24. Rf5 Re6 25. Rxh5 Rf8 26. b5 cxb5 27. Bxb5 d4 28. exd4 Nf3+ 29. Kh1 axb5 30. Ra8+ Kd7 31. Rxf8 Re2 32. Rf7+ Ke8 0-1

[Event "Arab Clubs-chT 5th"]
[Site "Damascus"]
[Date "2003.07.23"]
[Round "9"]
[White "Al Khaja, Arif"]
[Black "Al Haisamwi, Sameer"]
[Result "0-1"]
[WhiteElo "2094"]
[BlackElo "2187"]
[PlyCount "56"]
[EventDate "2003.07.17"]
[EventType "team"]
[EventRounds "9"]
[EventCountry "SYR"]
[SourceTitle "CBM 095 Extra"]
[Source "ChessBase"]
[SourceDate "2003.09.04"]
[SourceVersion "1"]
[SourceVersionDate "2003.09.04"]
[SourceQuality "1"]

1. d4 Nf6 2. c4 g6 3. Nc3 d5 4. cxd5 Nxd5 5. e4 Nxc3 6. bxc3 c5 7. Bc4 Bg7 8. Ne2 0-0 9. 0-0 Nc6 10. Be3 cxd4 11. cxd4 b6 12. Rc1 Bb7 13. Qd2 Rc8 14. f3 e6 15. Rfd1 Qd7 16. Bb5 a6 17. Ba4 b5 18. Bb3 Kh8 19. d5 exd5 20. exd5 Ne5 21. Bc5 Rfe8 22. Ng3 f5 23. Ne2 a5 24. a3 Qd8 25. d6 Rxc5 26. Rxc5 Qb6 27. Rdc1 Nd7 28. Qc2 Rc8 0-1

[Event "Arab Clubs-chT 5th"]
[Site "Damascus"]
[Date "2003.07.22"]
[Round "8"]
[White "Al Haisamwi, Sameer"]
[Black "Abbas, Baha Hussein"]
[Result "1/2-1/2"]
[WhiteElo "2187"]
[BlackElo "2260"]
[PlyCount "87"]
[EventDate "2003.07.17"]
[EventType "team"]
[EventRounds "9"]
[EventCountry "SYR"]
[SourceTitle "CBM 095 Extra"]
[Source "ChessBase"]
[SourceDate "2003.09.04"]
[SourceVersion "1"]
[SourceVersionDate "2003.09.04"]
[SourceQuality "1"]

1. e4 e5 2. Nf3 Nc6 3. d4 exd4 4. Bc4 Nf6 5. e5 d5 6. Bb5 Ne4 7. Nxd4 Bd7 8. Bxc6 bxc6 9. 0-0 Bc5 10. f3 Ng5 11. f4 Ne6 12. c3 f5 13. Be3 0-0 14. Kh1 Qe7 15. Qc2 g6 16. Nd2 Bb6 17. a4 a5 18. N2b3 c5 19. Nf3 c4 20. Nbd4 Nc5 21. Rfd1 Qe8 22. b3 Nxb3 23. Nxb3 cxb3 24. Qf2 Bxe3 25. Qxe3 Bxa4 26. Rxd5 Bc6 27. Rd2 a4 28. Nd4 Bb5 29. c4 Bxc4 30. Qc3 Bd5 31. e6 Qe7 32. h3 c6 33. Nxc6 Bxc6 34. Qxc6 Rfc8 35. Qd5 Rab8 36. Qe5 Qc7 37. Qb2 Qc3 38. Rd8+ Rxd8 39. Qxc3 Rdc8 40. Qb2 Rc2 41. Qe5 Rcc8 42. Qb2 Rc2 43. Qe5 Rcc8 44. Qb2 1/2-1/2